000 00728nam a22001577a 4500
999 _c63493
_d63493
003 Ge_BSU
005 20251020141940.0
008 251020s1974 ge ||||| |||| 00| 0 geo d
041 _ageo
080 _a331(c922):34(094.4) ს-32
245 _aსაქართველოს სსრ შრომის კანონთა კოდექსი /
_c(პასუხისმგებელი გამოშვ. პ. ბერძენიშვილი).
264 _aთბ. :
_b საბჭ. საქართველო,
_c1974.
300 _a206 გვ. ;
_b16 სმ.
653 _aსაქართველოს შრომის კანონთა კოდექსი
942 _2udc
_cᲬᲘᲒᲜᲘ